Report on the administration of criminal justice in Oudh / (Record no. 511155)

MARC details
000 -LEADER
fixed length control field 00966nam a2200289 a 4500
001 - CONTROL NUMBER
control field vtls001209730
003 - CONTROL NUMBER IDENTIFIER
control field NLI
005 - DATE AND TIME OF LATEST TRANSACTION
control field 20210603164551.0
008 - FIXED-LENGTH DATA ELEMENTS--GENERAL INFORMATION
fixed length control field 120328d1877 ii an p s000 0|eng
039 #9 - LEVEL OF BIBLIOGRAPHIC CONTROL AND CODING DETAIL [OBSOLETE]
-- 201203281957
-- VLOAD
040 ## - CATALOGING SOURCE
Original cataloging agency NLI
Language of cataloging eng
Transcribing agency Datasoft_IOD
Description conventions AACR2
041 0# - LANGUAGE CODE
Language code of text/sound track or separate title eng
044 ## - COUNTRY OF PUBLISHING/PRODUCING ENTITY CODE
MARC country code ii
082 04 - DEWEY DECIMAL CLASSIFICATION NUMBER
Classification number 347.91
110 1# - MAIN ENTRY--CORPORATE NAME
Corporate name or jurisdiction name as entry element North-Western Provinces (India, British).
Subordinate unit Judicial Commissioner's Court
9 (RLIN) 647576
245 10 - TITLE STATEMENT
Title Report on the administration of criminal justice in Oudh /
Statement of responsibility, etc. Judicial Commissioner's Court, North-Western Province
260 ## - PUBLICATION, DISTRIBUTION, ETC.
Place of publication, distribution, etc. Allahabad :
Name of publisher, distributor, etc. The Author,
Date of publication, distribution, etc. 1877
300 ## - PHYSICAL DESCRIPTION
Extent -v ;
Dimensions 34 cm.
500 ## - GENERAL NOTE
General note Library has
650 #0 - SUBJECT ADDED ENTRY--TOPICAL TERM
Topical term or geographic name entry element Criminal statistics
Geographic subdivision India
-- North-Western provinces
9 (RLIN) 647466
650 #0 - SUBJECT ADDED ENTRY--TOPICAL TERM
Topical term or geographic name entry element Criminal justice, Administration of
Geographic subdivision North-Western provinces
9 (RLIN) 647577
887 ## - NON-MARC INFORMATION FIELD
Content of non-MARC field
901 ## - LOCAL DATA ELEMENT A, LDA (RLIN)
a IMP10636 date
b 9.11.2009
902 ## - LOCAL DATA ELEMENT B, LDB (RLIN)
a GP 347.91(5426)Ut8
942 ## - ADDED ENTRY ELEMENTS (KOHA)
Source of classification or shelving scheme Dewey Decimal Classification
Koha item type Books
Holdings
Withdrawn status Lost status Damaged status Not for loan Collection code Home library Current library Shelving location Date acquired Total Checkouts Full call number Date last seen Price effective from Koha item type
        Government Publications National Library of India National Library of India Annexe Reading Room & Stack Division     GP 347.91(5426)Ut8 03/06/2021 03/06/2021 Books
                                                                           
web counter

Copyright ©2020 The National Library of India, Govt. of India ↔ Hosted by NVLI, MOC ↔ Technology and Design by National Library of India, Ministry of Culture, Govt. of India